00531nam a2200169Ia 4500008004000000082001600040100002700056245004900083260002700132300000800159440000600167650002100173690002000194906001000214999001700224952012000241210210b1965 xxu||||| |||| 00| 0 eng d a940.53 CHUS aCHURCHILL (Winston S). aSecond world war, 7. the onslaught of Japan. aLondon.bCassellc1965 a370 a7 aII World War  aEuropean Histor a02758 c78870d78870 001040708HistoryaALbALcHistoryd2021-02-17g4.50l0o940.53 CHUSp027585r2021-02-17 00:00:00w2021-02-17yBK